000 00734nam a22002537a 4500
001 4676
003 FISKH
005 20240920084908.0
008 240920b cb ||||| |||| 00| 0 eng d
020 _a9780545414494
040 _aFISKH
_beng
_cFISKH
_dFISKH
050 _aPZ8.O813
082 _2883.01
100 _aOsborne, Pope Mary
_d1949-
245 _aTales from the odyssey /
_cMary Pope Osborne
250 _aFirst printing in 2011
260 _aNew York :
_bScholastic,
_c2011.
300 _a273 pages :
_c18cm
520 _aRetells a part of the Odyssey in which King Odysseus fights the cyclops.
650 _2Greek mythology
_aAncient history
650 _2Fantasy
_aAdventure
942 _2ddc
_cBK
_n0
999 _c4676
_d4676